000 00597nam a2200241Ia 4500
003 OSt
005 20220918202255.0
006 a|||||r|||| 00| 0
007 ta
008 220917b |||||||| |||| 00| 0 eng d
024 _a99,977
037 _cTextual
040 _aARTS
_cARTS
_beng
041 _2eng
_aeng
082 _aV2:828x723aM3, H0
110 _aIndia
_942571
245 0 _aIndex to the land revenue records 1830-1837
260 _c1940
650 _aHISTORY
700 _aIndia
_942572
942 _hV2:828x723aM3, H0
_cTEXL
_2CC
999 _c223535
_d223535